Jetpunk.com Quiz - Statistics

General Stats
  • This quiz has been taken 83 times
  • The average score is 4 of 16
Answer Stats
Hint(s) Answer % Correct
Jetpunk was founded in this year 2008
87%
The main animal associated withJetpunk.com Fish
72%
Most popular Category of Jetpunk Geography
62%
The name of that animal Jeppy
55%
Daily event on the main page ofJetpunk Word Search
35%
Second most popular Category Sports
32%
Most popular quiz created by Quizmaster Countries of the WorldQuiz
20%
Name a Minigame that isNOT the daily search Geography Snap | U.S. State Puzzle| Number Factoring | Even Split
17%
One of the creators from the abovealso known as "Quizmaster" Dan Hostetler
16%
Name for Category of popular quizzes that has NOT
been featured
User Spotlight
13%
Second most popular Jetpunk.comQuiz US States Quiz
12%
Approx. Amount of word searches in November 2022 300
10%
Trees planted in 2022 430,000
3%
Second use of Jetpunk.com(2008-2010) Airline Flight Searcher
3%
Creators of Jetpunk.com H. Brothers Inc.
3%
Original Jetpunk.com Domain use(2004-2005) Website Maker
3%
No matching quizzes found
Score Distribution
Percent of People with Each Score
Percentile by Number Answered
Your Score History
You have not taken this quiz